| 000 | 00335nam a2200121Ia 4500 | ||
|---|---|---|---|
| 008 | 210430s9999 xx 000 0 und d | ||
| 082 | _a320P294 A | ||
| 100 | _aThomas E.Patterson | ||
| 245 |
_a The American Democracy _cThomas E.Patterson |
||
| 260 |
_aIslamabad _bNational Book Foundation _c2001 |
||
| 300 | _a623p | ||
| 942 |
_cBK _2ddc |
||
| 999 |
_c563174 _d563174 |
||